Lyon - Culture générale - Statistiques

Statistiques générales
  • Ce quiz a été pris 27 705 fois
    27 343 depuis la dernière actualisation
  • Le résultat moyen est 16 sur 22
Statistiques - réponses
Information Réponse % Correct
Fleuve qui passe par la ville Rhône
99%
Mois de l'année durant lequel a lieu la "Fête des lumières" Décembre
88%
Frères pionniers du cinéma Frères Lumière
86%
Numéro code de la métropole 69M
85%
Ville de 150'000 habitants dans la banlieue Villeurbanne
85%
Auteur du Petit Prince qui a donné son nom à l'aéroport Antoine de Saint-Exupéry
83%
Rivière qui le rejoint à Lyon Saône
79%
Quartier d'affaires et nom de la plus grande gare Part-Dieu
78%
Restaurant typique de la cuisine lyonnaise Bouchon
74%
Marionnette emblème de la ville et d'un ancien programme sur Canal+ Guignol
73%
Résistant français célèbre arrêté et torturé à Lyon par les nazis Jean Moulin
73%
Footballeur surnommé KB9, même s'il portait le 10 lorsqu'il jouait à l'OL Karim Benzema
72%
Nom romain de la ville Lugdunum
71%
Basilique qui surplombe la ville Notre-Dame de {Fourvière}
70%
Physicien dont le nom est aussi l'unité de mesure du courant électrique André-Marie Ampère
67%
Plus grande place de la ville ornée d'une statue de Louis XIV Place Bellecour
67%
Prêtre qui a fondé le mouvement Emmaüs et une association qui vient en aide des sans-abris Abbé Pierre
66%
Saucisse séchée considérée comme charcuterie et dite de Lyon Saucisson
62%
Organisation internationale de police qui siège ici Interpol
60%
Quartier bohème et colline abritant autrefois les tisserands Croix-Rousse
58%
Surnom pour la ville des Lyonnais Cité des {Gones}
40%
Compositeur de musique électronique qui a joué le plus grand concert, devant 3,5 millions de personnes en 1997 Jean-Michel Jarre
30%
Aucun quiz correspondant
Distribution des résultats
% des personnes avec chaque résultat
Percentile par nombre de réponses
Votre historique - résultats
Vous n’avez pas pris ce quiz depuis la dernière actualisation